01619nam a2200325 a 450000100100000000500170001000800410002702000180006804000250008608200200011110000320013124501170016326000430028030000430032349000280036665000780039465100700047265100820054270000370062470000310066170000380069270000350073071000620076583000370082791000370086495201330090195201180103495201240115299900170127600004461920201002045514.0141209s2014 dr abc 000 0 spa d a9789945887945 aDO-SdBNPbspacBNPHU a972.9358bF363p1 aFernández, Félix91138410aPuerto Plata /cFélix Fernández ; fotografía cubiertas Anthony Grullón, Anne Casale, Francisco Salguero. aSanto Domingo :bCCN,bLunwerg,c2014. a310 p. :bil., mapas, retrs. ;c30 cm.1 aOrgullo de mi tierrav5 4aCiudades y puebloszRepública Dominicana, Puerto PlataxHistoria972637 4aPuerto Plata (República Dominicana{Rpara}xHistoria Local91943 4aPuerto Plata ( República Dominicana{Rpara}xVida Social Y Costumbres92325112aGrullón, Anthony,efot.97263812aCasale, Anne,efot.97263912aSalguero, Francisco,efot.97264012aTouzón, Raúl,efot.97264122aCentro Comercial Nacional (República Dominicana)972642 0aOrgullo de mi tierra ;n5972643 aValidado. Control de calidad MFF 001054708DSaGRbGRcHDd2014-12-09iLF1l0o972.9358 F363pp44619-30r2020-06-25te. 3w2020-06-25yLFDSZPréstamo en sala 0010718PDaPDbPDcHDd2014-12-09iLF1l0o972.9358 F363pp44619-10r2020-06-25w2020-06-25yLFPDZNo se presta 0010718PDaPDbPDcHDd2014-12-09iLF1l0o972.9358 F363pp44619-20r2020-06-25te. 2w2020-06-25yLFPDZNo se presta c44108d44108